Quizzes
Events
Quiz Creation
Community
Videos
Private Events
Remove Ads
Sign In
Join for FREE
Feedback
Dark Mode
Quiz Categories
Sports
Geography
Music
Movies
Television
Just For Fun
Miscellaneous
History
Literature
Language
Science
Gaming
Entertainment
Religion
Holiday
For Kids
Quiz Lab
Recent
Popular Today
Quiz Kudos Today
Editor Picks
Curator Picks
Quizzes by...
Day
Popularity
Type
Ratings
Length
Year
Community
Subscriptions
Recent Discussions
Orange Saloon
Badges
Playlists
Quests
Create
Leaderboards
Showdown
Live 5
Trivia Bingo
Activity
Puzzle Library
Sporcle Events
Private Events
Virtual Trivia
Globe League
Become a Host
Pub Owners
SporcleCon
Opinionation
Our Games
Videos
Blog
Mobile Apps
Partnerships
Remove Ads and Go Orange
Feedback
Language
Vocabulary
Begins and Ends
Definition
Spanish
French
German
Italian
Chinese
Latin
Translation
Japanese
Language
Vocabulary
Begins and Ends
Definition
Spanish
French
German
Italian
Chinese
Latin
Translation
Japanese
Random Quiz
Search Sporcle
×
Quiz Lab
Quiz Lab
Language
Spanish
Type in answers that appear in a list
Type in answers that appear in a list
Classic
Best Score? Go Orange.
Spanish Adjectives Stats
Can you name the Spanish Adjectives?
By
Lashby
8m
40 Questions
1,455 Plays
1,455 Plays
1,455 Plays
Comments
Comments
Give Quiz Kudos
Give Quiz Kudos
-
- Ratings
hide this ad
Replay
Link that replays current quiz
Next Quiz
Link to next quiz in quiz playlist
You Got
0%
They Got
Avg Score
51%
Avg Friend Score
Upgrade to see
Score Distribution
Jump to the score distribution portion of the page
Score
0/40
Timer
08:00
0
Plays Today
English
Spanish
% Correct
tall
alto
84.9%
ugly
feo
80%
boring
aburrido
79.5%
crazy
loco
79.2%
easy
fácil
77.7%
interesting
interesante
77%
difficult
difícil
76.3%
fun/
funny
divertido
75.9%
short
bajo
75.2%
good-
looking
guapo
72.9%
blonde
rubio
67.9%
generous
generoso
66.3%
complicated
complicado
64.4%
rich
rico
63.4%
lazy
perezoso
60.9%
nice
simpático
60.3%
slim
delgado
57.6%
poor
pobre
52.8%
weird
raro
52.4%
dark
moreno
51.4%
English
Spanish
% Correct
shy
tímido
51.1%
sensitive
sensible
50.5%
friendly
amable
46.5%
optimistic
optimista
43.8%
selfish
egoísta
43.3%
chubby
gordito
41.8%
nasty
antipático
41.7%
jealous
celoso
37.4%
extrovert/
outgoing
extrovertido
36.3%
cute
mono
35.1%
angry
enfadado
34.7%
quiet
callado
32.1%
polite
cortés
30.5%
naughty
travieso
25.7%
disgusting
asqueroso
24.4%
unpleasant
desagradable
24.2%
stubborn
terco
24.1%
disappointed
decepcionado
23.7%
sensible
sensato
23.6%
rude
descortés
16.3%
Quiz Playlist
Details
Report
Send in Message
Add To Playlist
Classic:
Type in answers that appear in a list
Last Updated: Feb 16, 2017
Quiz Scoreboard
CHALLENGE
Sign Up to Join the Scoreboard
Show All
Scores
Hide
Comments
May contain spoilers
Recently Published
Presidents Visiting Landmarks
by Hejman
History
7m
An Introduction to Baseball
by treessimontrees
Sports
5m
Movies - When Are They Set?
by FPL_Elf
Movies
5m
More to Explore
Quiz From the Vault
Featured Blog Post
Where Did the Easter Bunny Come From?
hide this ad
You Might Also Like...
Tags
Spanish Quiz
Adjective
Today's Top Quizzes in Language
Browse Language
hide this ad
Today's Top Quizzes in Spanish
Browse Spanish
Top Contributed Quizzes in Language
1
1-10 Letter F Words III
2
1-10 Letter G Words III
3
Order Up: Top 10 Most Native Spoken Languages
4
1-10 Letter H Words III
5
One Thing in Common: Italy
6
1-10 Letter I Words III
7
Weisst du, aus welchen Sprachen diese Wörter stammen?
8
1-10 Letter J Words III
9
Celtic Nations in their Language
10
1-10 Letter K Words III
Explore More
Trending Topics
Crossword
Disney
NBA
Harry Potter
Kpop
Marvel
Anime
Country
NFL
Soccer
The Office
Puzzle
Song
WWE
Pokémon
hide this ad
More By:
Lashby
Quiz
Plays
Rating
Category
Featured
Created
Year 7 French - Revision of first half term
6,487
5.00
Language
Nov 5, 2012
Spanish Adjectives
1,455
3.67
Language
Dec 15, 2010
GCSE Spanish - Healthy lifestyle vocabulary
908
4.00
Language
Dec 15, 2010
GCSE Spanish vocabulary - School
478
3.00
Language
Jan 21, 2012
GCSE Spanish - Body & illness
410
2.00
Language
Nov 18, 2015
Go to Creator's Profile
Score Distribution
Quiz Creator Spotlight
Lashby
Follow
Send a Message
Quizzes Created
-
Created Quiz Play Count
-
More By This Creator
Popular Quizzes Today
1
Find the US States - No Outlines Minefield
2
Find the Countries of Europe - No Outlines Minefield
3
The Countries of the World
4
Find the US States
5
Popular People in 1961
6
US States
7
Risky Map Clicking: Biggest States A-Z
8
Movies - When Are They Set?
More Language Quizzes
Pre and Post Vocabulary
Published
Trending Quizzes
Risky Map Clicking: Least Populous States A-Z
1-10 Letter G Words
1-10 Letter F Words
Risky Map Clicking: Next State Alphabetically
Risky Map Clicking: Biggest States A-Z
Recently Updated
Leaping Animals
pecheneg
Reality TV Shows (A-Z)
bhenderson79
Rickey Henderson's Hall of Fame Teammates
pecheneg
Champions League XIs: Arsenal
pecheneg
Quick Pick: Celebrities in WWE's Hall of Fame
aduchscher
A-Z Keypad Blitz II
pecheneg
Multiple Oscar Actors
pecheneg
Mystery Phrase Blitz: Oscar 'Best Actors'
pecheneg
F. Scott Fitzgerald Novels
LTH
Pick 3 Villains
ddd62291
Trending Topics
Kpop
Harry Potter
Crossword
Marvel
NBA
Disney
Anime
Song
WWE
Soccer
Puzzle
Pokémon
NFL
The Office
Country
Your Account Isn't Verified!
In order to create a playlist on Sporcle, you need to verify the email address you used during registration. Go to your
Sporcle Settings
to finish the process.
Report this User
Report this user for behavior that violates our
Community Guidelines
.
Details:
Send Report
Go to the Sporcle.com Mobile Site →
Comments